مكتبة جامعة عجلون الوطنية

فهرس بحث المكتبة

Normal view MARC view
  • العقوبات - مؤتمرات - السجون - مؤتمرات - الجريمة والمجرمون - مؤتمرات

Entry Topical Term

Number of records used in: 1

001 - CONTROL NUMBER

  • control field: 46091

003 - CONTROL NUMBER IDENTIFIER

  • control field: JO-AjAnu

005 - DATE AND TIME OF LATEST TRANSACTION

  • control field: 20230606081623.0

008 - FIXED-LENGTH DATA ELEMENTS

  • fixed length control field: 230606|| aca||aabn | a|a d

040 ## - CATALOGING SOURCE

  • Original cataloging agency: JO-AjAnu
  • Transcribing agency: JO-AjAnu

150 ## - HEADING--TOPICAL TERM

  • Topical term or geographic name entry element: العقوبات - مؤتمرات - السجون - مؤتمرات - الجريمة والمجرمون - مؤتمرات

670 ## - SOURCE DATA FOUND

  • Source citation: Work cat.: (JO-AjAnu)23594: إعداد المعهد القضائي الأردني؛ إشراف وترجمة عصام حداد, author 46090, ندوة بدائل عقوبة السجن: عمان 3-4 تشرين الثاني 2010: المعهد القضائي الأردني بالتعاون مع المدرسة الوطنية للقضاء في فرنسا والسفارة الفرنسية في الأردن